| 000 | 00441nam a22001577a 4500 | ||
|---|---|---|---|
| 003 | SGT | ||
| 020 | _a9780367247416 | ||
| 082 |
_a615 _bC24M |
||
| 100 | _aMEDINA, CARMEN,ed. | ||
| 245 | _aCOMPLIANCE HANDBOOKS FOR PHARMACEUTICALMEDICAL DEVICES AND BIOLOGIES | ||
| 260 |
_aNEW YORK _bCRC PRESS _c2024 |
||
| 300 | _a666 | ||
| 650 | _aPHARMACY | ||
| 653 | _aCOMPLIANCE, HANDBOOKS, PHARMACEUTICAL, MEDICAL, DEVICES, BIOLOGIES | ||
| 942 |
_2ddc _cBK |
||
| 999 |
_c27036 _d27036 |
||